Educación y tecnologías digitales: ¿Cómo valorar su impacto social y sus contribuciones a la equidad?
Este documento presenta el trabajo desarrollado por la Fundación Omar Dengo, que constituye una propuesta de evaluación de los proyectos que implementan tecnologías digitales en procesos educativos. Proporcionar un conjunto de conceptos y orientaciones necesarias para diseñar evaluaciones que permit...
Na minha lista:
| Formato: | Texto |
|---|---|
| Publicado em: |
San José:
Fundación Omar Dengo
|
| Assuntos: | |
| Tags: |
Adicionar Tag
Sem tags, seja o primeiro a adicionar uma tag!
|
MARC
| LEADER | 00000 a a2200000 04500 | ||
|---|---|---|---|
| 001 | 33457 | ||
| 003 | |||
| 040 | |||
| 020 | |a 9977-11-033-6 | ||
| 022 | |a 9977-11-033-6 | ||
| 090 | |a 0001 F981e | ||
| 245 | |a Educación y tecnologías digitales: ¿Cómo valorar su impacto social y sus contribuciones a la equidad? | ||
| 260 | |a San José: |b Fundación Omar Dengo | ||
| 300 | |a 112 p. | ||
| 520 | |a Este documento presenta el trabajo desarrollado por la Fundación Omar Dengo, que constituye una propuesta de evaluación de los proyectos que implementan tecnologías digitales en procesos educativos. Proporcionar un conjunto de conceptos y orientaciones necesarias para diseñar evaluaciones que permitan determinar si la incorporación de esas tecnologías está impactando en las personas, en las instituciones y en la sociedad, y para juzgar si ese impacto contribuye con el logro de la equidad y se da en las direcciones que se consideran apropiadas | ||
| 650 | |a TECNOLOGIA EDUCATIVA | ||
| 650 | |a EFICIENCIA | ||
| 650 | |a EVALUACION | ||
| 650 | |a METODOLOGIA | ||
| 650 | |a PROYECTOS DE EDUCACION | ||
| 650 | |a TECNOLOGIA DE LA INFORMACION | ||
| 650 | |a INFLUENCIA SOCIAL | ||
| 650 | |a EVALUACION DE PROYECTOS | ||
| 650 | |a TECNICAS DE EVALUACION | ||
| 999 | |c 14192 |d 14192 | ||



